Estadísticas para Goleadores de Argentina en Mundiales (1930 - 2022)

Haz click aquí para intentar la prueba.

Estadísticas generales

  • Esta prueba ha sido intentada 201 veces
    (81 desde el último reinicio)
  • La puntuación promedio es 27 de 62

Estadísticas de respuestas

GolesMundialRespuesta% Correcto
81982-86-94Diego Maradona
100%
32014-18-22Ángel Di María
94%
101994-98-02Gabriel Batistuta
94%
132006-14-18-22Lionel Messi
94%
61978Mario Kempes
93%
22018Sergio Aguero
93%
52010-14Gonzalo Higuaín
91%
42022Julián Álvarez
91%
12022Enzo Fernández
80%
22014-18Marcos Rojo
80%
12010Martín Palermo
80%
42002-06Hernán Crespo
79%
41990-94Claudio Caniggia
77%
31986-90Jorge Burruchaga
76%
32006-10Carlos Tévez
73%
32006Maximiliano Rodríguez
66%
12022Alexis Mac Allister
63%
41986Jorge Valdano
61%
21998Ariel Ortega
60%
11986Jose Luis Brown
59%
12006Esteban Cambiasso
57%
12018Gabriel Mercado
54%
31978-82Daniel Passarella
51%
11958Ludovico Avio
51%
12006Javier Saviola
50%
11998Javier Zanetti
50%
12010Gabriel Heinze
49%
12006Roberto Ayala
47%
11974Rubén Ayala
47%
81930Guillermo Stábile
46%
11986Oscar Ruggeri
46%
41978Leopoldo Luque
44%
11998Claudio López
41%
41974-78René Houseman
39%
12010Martín Demichelis
34%
11982Osvaldo Ardiles
34%
41978-82Daniel Bertoni
30%
11982Ramón Díaz
30%
11994Abel Balbo
23%
11986Pedro Pasculli
20%
11978Alberto Tarantini
17%
11962José Sanfilippo
17%
31966Luis Artime
17%
31958Omar Corbatta
17%
11998Mauricio Pineda
16%
21930Luis Monti
14%
11990Pedro Troglio
13%
11974Carlos Babington
11%
11930Francisco Varallo
11%
11974Miguel Brindisi
11%
11966Ermindo Onega
10%
21974Héctor Yazalde
10%
11974Ramón Heredia
9%
31930Carlos Peucelle
7%
11962Héctor Facundo
7%
11990Pedro Monzón
7%
11934Alberto Galateo
6%
11934Ernesto Belis
6%
11930Mario Evaristo
6%
11958Norberto Menéndez
6%
21930Adolfo Zumelzú
4%
11930Alejandro Scopelli
3%

Distribución de puntuación

Porcentaje por número respondido

Porcentaje de gente con cada puntuación

Historial de tus puntuaciones

No has intentado esta prueba desde el último reinicio